Taxing art : (Record no. 12836)

000 -LEADER
fixed length control field 00974cam a22002777a 4500
003 - CONTROL NUMBER IDENTIFIER
control field OSt
005 - DATE AND TIME OF LATEST TRANSACTION
control field 20240802160000.0
008 - FIXED-LENGTH DATA ELEMENTS--GENERAL INFORMATION
fixed length control field 110624s2011 gw a 001 0 eng d
020 ## - INTERNATIONAL STANDARD BOOK NUMBER
International Standard Book Number 9783899553468
042 ## - AUTHENTICATION CODE
Authentication code lccopycat
043 ## - GEOGRAPHIC AREA CODE
Geographic area code e------
050 00 - LIBRARY OF CONGRESS CALL NUMBER
Classification number N8600
Item number .T397 2011
082 04 - DEWEY DECIMAL CLASSIFICATION NUMBER
Classification number 706.81
Edition number 22
245 00 - TITLE STATEMENT
Title Taxing art :
Remainder of title when objects travel /
Statement of responsibility, etc Beta Tank.
260 ## - PUBLICATION, DISTRIBUTION, ETC. (IMPRINT)
Place of publication, distribution, etc Berlin :
Name of publisher, distributor, etc Gestalten,
Date of publication, distribution, etc 2011.
300 ## - PHYSICAL DESCRIPTION
Extent 160 p. :
Other physical details ill. (some col.) ;
Dimensions 22 cm.
500 ## - GENERAL NOTE
General note "This revealing illustrated essay by Berlin-based studio Beta Tank puts the spotlight on the largely underestimated effect that tax laws have on where design ends and art begins"--P. [4] of cover.
500 ## - GENERAL NOTE
General note Includes index.
650 #0 - SUBJECT ADDED ENTRY--TOPICAL TERM
Topical term or geographic name as entry element Art
General subdivision Economic aspects
Geographic subdivision Europe.
650 #0 - SUBJECT ADDED ENTRY--TOPICAL TERM
Topical term or geographic name as entry element Art
General subdivision Transportation.
650 #0 - SUBJECT ADDED ENTRY--TOPICAL TERM
Topical term or geographic name as entry element Installations (Art)
650 #0 - SUBJECT ADDED ENTRY--TOPICAL TERM
Topical term or geographic name as entry element Art and state.
710 2# - ADDED ENTRY--CORPORATE NAME
Corporate name or jurisdiction name as entry element Beta Tank (Firm)
942 ## - ADDED ENTRY ELEMENTS (KOHA)
Source of classification or shelving scheme
955 ## - COPY-LEVEL INFORMATION (RLIN)
Book number/undivided call number, CCAL (RLIN) fd05 2012-07-26 z-processor
Copy status, CST (RLIN) fd05 2012-07-27 to CALM
Holdings
Withdrawn status Lost status Source of classification or shelving scheme Damaged status Koha normalized classification for sorting Not for loan Permanent location Current location Date acquired Source of acquisition Cost, normal purchase price Full call number Barcode Date last seen Cost, replacement price Price effective from Koha item type
        706_810000000000000   BMS College of Architecture, Design and Planning BMS College of Architecture, Design and Planning 2024-08-02 1 2912.63 706.81 AR-UG4063 2024-08-02 3883.50 2024-08-02 B.Design
Copyright © 2025, The Librarian, Library and Information Centre, BMSCA D&P, Bengaluru. All Rights Reserved
web counter

Powered by Koha